Les 100 plus grandes villes de la Corse sur une carte - Statistiques

Statistiques générales
  • Ce quiz a été pris 293 fois
  • Le résultat moyen est 21 sur 100
Réponses sur la Carte
Les réponses sont colorées sur une échelle allant du rouge au vert en fonction du pourcentage des utilisateurs qui les ont devinées à leur premier essai. Vous pouvez retrouver ces pourcentages ci-dessous.
 
Statistiques - réponses
Population Département Ville % Correct
73 822 2A Ajaccio
98%
48 768 2B Bastia
98%
11 229 2A Porto-Vecchio
90%
7 654 2B Corte
88%
5 746 2B Calvi
87%
3 200 2A Bonifacio
79%
9 678 2B Borgo
64%
3 570 2A Sartène
61%
3 220 2B L'Île-Rousse
55%
3 741 2A Propriano
55%
6 032 2B Furiani
51%
2 211 2B Aléria
47%
7 654 2B Biguglia
45%
1 689 2B Saint-Florent
45%
4 248 2B Ghisonaccia
43%
1 651 2A Figari
35%
1 429 2A Sari-Solenzara
32%
6 091 2B Lucciana
30%
463 2A Piana
28%
2 748 2A Zonza
28%
1 237 2A Cargèse
27%
511 2A Bastelica
26%
4 251 2A Bastelicaccia
25%
3 336 2A Afa
23%
2 566 2B Calenzana
21%
1 241 2A Olmeto
19%
3 587 2A Alata
18%
1 214 2B Lumio
17%
792 2B Santa-Maria-Poggio
17%
666 2B Venaco
17%
3 212 2B Vescovato
17%
3 349 2A Grosseto-Prugna
16%
853 2B Luri
16%
877 2B Patrimonio
16%
3 737 2B Prunelli-di-Fiumorbo
16%
540 2B Rogliano
16%
2 172 2B Cervione
15%
1 939 2A Lecci
15%
963 2B Morosaglia
15%
1 801 2B Oletta
15%
2 936 2B San-Martino-di-Lota
14%
1 162 2B Sisco
14%
1 580 2B Brando
13%
1 159 2A Conca
13%
3 376 2B Penta-di-Casinca
13%
1 965 2B Santa-Maria-di-Lota
13%
1 808 2B Venzolasca
13%
968 2A Vico
13%
3 232 2B Ville-di-Pietrabugno
13%
1 481 2A Cauro
12%
675 2A Levie
12%
2 033 2B San-Nicolao
12%
3 278 2A Sarrola-Carcopino
12%
1 711 2A Sotta
12%
2 029 2B Monticello
11%
761 2B Poggio-Mezzana
11%
1 523 2B Santa-Lucia-di-Moriani
11%
707 2B Belgodère
10%
725 2A Coti-Chiavari
10%
2 030 2A Cuttoli-Corticchiato
10%
1 103 2B Linguizzetta
10%
714 2B Moltifao
10%
630 2B Monte
10%
567 2B Murato
10%
543 2B Olmeta-di-Tuda
10%
491 2A Ota
10%
2 040 2A Peri
10%
653 2B Pietracorbara
10%
538 2A Valle-di-Mezzana
10%
2 556 2B Ventiseri
10%
922 2B Corbara
9%
851 2A Pianottoli-Caldarello
9%
500 2B Pietralba
9%
1 968 2A Pietrosella
9%
1 004 2B Santa-Reparata-di-Balagna
9%
554 2A Monacia-d'Aullène
8%
636 2A Serra-di-Ferro
8%
1 775 2A Albitreccia
7%
568 2B Antisanti
7%
1 773 2A Appietto
7%
600 2B Omessa
7%
1 120 2A San-Gavino-di-Carbini
7%
732 2B Solaro
7%
617 2A Vero
7%
1 357 2A Eccica-Suarella
6%
562 2A Petreto-Bicchisano
6%
764 2B San-Giuliano
6%
892 2B Sorbo-Ocagnano
6%
595 2B Taglio-Isolaccio
6%
502 2A Ucciani
6%
595 2B Aregno
5%
504 2B Castello-di-Rostino
5%
827 2B Talasani
5%
507 2A Calcatoggio
4%
706 2B Castellare-di-Casinca
4%
630 2A Ocana
4%
466 2B Rutali
4%
872 2A Viggianello
4%
447 2A Casaglione
3%
765 2A Coggia
3%
Aucun quiz correspondant
Distribution des résultats
% des personnes avec chaque résultat
Percentile par nombre de réponses
Votre historique - résultats
Vous n’avez pas pris ce quiz